| 000 | 01561cam a2200313 i 4500 | ||
|---|---|---|---|
| 001 | 17716097 | ||
| 005 | 20201128021150.0 | ||
| 008 | 130429s2014 xxu frb f001 0 eng d | ||
| 010 | _a2013015857 | ||
| 020 | _a9781107027206 (hardback : alk. paper) | ||
| 020 | _a9781107609617 (pbk. : alk. paper) | ||
| 040 |
_aDLC _beng _cDLC _dDLC _dEG-ScBUE |
||
| 082 | 0 | 0 |
_a332.042 _222 _bSHA |
| 100 | 1 |
_aSharma, Shalendra D., _d1958- _912775 |
|
| 245 | 1 | 0 |
_aGlobal financial contagion : _bbuilding a resilient world economy after the subprime crisis / _cShalendra D. Sharma. |
| 260 |
_aNew York, United States : _bCambridge University Press, _c2014. |
||
| 300 |
_ax, 394 p. ; _c24 cm. |
||
| 500 | _aIndex : p. 369-394. | ||
| 504 | _aBibliography : p. 331-368. | ||
| 505 | 0 | _aThe United States: why the trigger ?-The Bush and Obama administration's response-From the American to the European crisis-The Eurozone's sovereign debt crisis-Russia : not an exceptional country- China : from crisis management to rebalancing-Japan, South Korea and India : impact and recovery -The Middle-East amidst the global financial crisis-The Great Recession and the world's poorest-G-20 world : economic governance for the post-crisis world. | |
| 650 | 0 |
_aGlobal Financial Crisis, 2008-2009 _912473 |
|
| 650 | 0 |
_aInternational finance _91619 |
|
| 650 | 0 |
_aInternational trade _94508 |
|
| 650 | 0 |
_aInternational economic relations _93036 |
|
| 653 |
_bBUSADM _cDecember2014 |
||
| 655 |
_vreading book _934232 |
||
| 650 | 0 |
_91135 _aInternational relations |
|
| 942 |
_2ddc _k332.042 SHA |
||
| 999 |
_c18781 _d18753 |
||